<?xml version="1.0" encoding="UTF-8"?>
<collection xmlns="http://www.loc.gov/MARC21/slim">
 <record>
  <leader>00656pamaa2200193   4500</leader>
  <controlfield tag="001">0000046508</controlfield>
  <controlfield tag="005">20140924090000.0</controlfield>
  <controlfield tag="008">100108                             eng  </controlfield>
  <datafield tag="020" ind1="0" ind2="0">
   <subfield code="a">9780805090840 (pbk.) </subfield>
  </datafield>
  <datafield tag="090" ind1="0" ind2="0">
   <subfield code="a">QC981.8.C5 </subfield>
   <subfield code="b">FAR 2009</subfield>
  </datafield>
  <datafield tag="100" ind1="1" ind2="0">
   <subfield code="a">Faris </subfield>
  </datafield>
  <datafield tag="245" ind1="1" ind2="0">
   <subfield code="a">Forecast : </subfield>
   <subfield code="b">the consequences of climate change, from the Amazon to the Arctic, from Darfur to Napa Valley  </subfield>
   <subfield code="c">Stephan Faris.</subfield>
  </datafield>
  <datafield tag="250" ind1="0" ind2="0">
   <subfield code="a">1st ed.</subfield>
  </datafield>
  <datafield tag="260" ind1="0" ind2="0">
   <subfield code="a">New York: </subfield>
   <subfield code="b">Henry Holt, </subfield>
   <subfield code="c">2009.</subfield>
  </datafield>
  <datafield tag="300" ind1=" " ind2=" ">
   <subfield code="a">242 p.: </subfield>
   <subfield code="b">ill.; </subfield>
   <subfield code="c">22 cm.</subfield>
  </datafield>
  <datafield tag="501" ind1="0" ind2="0">
   <subfield code="a">General</subfield>
  </datafield>
  <datafield tag="504" ind1="0" ind2="0">
   <subfield code="a">Includes bibliographical references (p. [223]-232) and index</subfield>
  </datafield>
  <datafield tag="650" ind1="0" ind2="0">
   <subfield code="a">Climatic changes </subfield>
  </datafield>
  <datafield tag="901" ind1=" " ind2=" ">
   <subfield code="u">www.Stephanfaris.com</subfield>
  </datafield>
 </record>
</collection>
